Statistics for Countries Bordering Tanzania

Click here to take the quiz!

General Stats

  • This quiz has been taken 22,194 times
  • The average score is 7 of 8

Answer Stats

Length Country % Correct
769 kmKenya
98%
459 kmD.R. Congo
96%
756 kmMozambique
94%
396 kmUganda
94%
217 kmRwanda
93%
338 kmZambia
93%
475 kmMalawi
87%
451 kmBurundi
85%

Score Distribution

Percentile by Number Answered

Percent of People with Each Score

Your Score History

You have not taken this quiz